000 00497nam a22001817a 4500
005 20260513100308.0
008 260513b |||||||| |||| 00| 0 eng d
020 _a9788198976284
041 _aEng
082 _a920 TAR
100 _a Tarkunde, Nitin Veena
245 _aDivyapurti : Inspiring of Persons with Disabilities
260 _aPuna
_bBookGanga Publications
_c2025
300 _a172;. P. 22 cm
650 _aBiographical; Non-Fiction
700 _aBhave Waman Subhash
942 _cBK
999 _c46539
_d46539